00525nam a2200205 a 4500001001300000003000900013005001700022008004100039020000900080082001700089100002500106245003300131260003200164300000900196500003500205505001000240650002500250650001900275700002500294nice12345678IN_TiNIC20260116012916.0050524s1957 luca grp 000 0 urd  ac1000a954.031bJAF aJafary, Rayees Ahmed aWajid Ali Shah Awr Unka Ahad aLucknowbKitab Manzilc1957 a682p aincludes index and biblioraphy2 aIndex aIndia-Historiography aLucknow-Rulers1 aJafary, Rayees Ahmed